Homenaje a El Greco / (Record no. 195754)

MARC details
000 -LEADER
campo de control de longitud fija 01338nam a2200361 i 4500
001 - NÚMERO DE CONTROL
campo de control 195754
003 - IDENTIFICADOR DE NÚMERO DE CONTROL
campo de control SpMaBN
005 - FECHA Y HORA DE LA ÚLTIMA TRANSACCIÓN
campo de control 20250825062653.0
008 - DATOS DE LONGITUD FIJA--INFORMACIÓN GENERAL
campo de control de longitud fija 24 s2018 sp a | |||| 000 0 spa
015 ## - NÚMERO DE BIBLIOGRAFÍA NACIONAL
Número de bibliografía nacional MON18
017 ## - NÚMERO DE COPYRIGHT O DE DEPÓSITO LEGAL
Número de copyright o de depósito legal BA 542-2018
Agencia que asigna Oficina Depósito Legal Badajoz
020 ## - NÚMERO INTERNACIONAL ESTÁNDAR DEL LIBRO
Número Internacional Estándar del Libro 9788494881053
035 ## - NÚMERO DE CONTROL DEL SISTEMA
Número de control de sistema (OCoLC)1100274598
035 ## - NÚMERO DE CONTROL DEL SISTEMA
Número de control de sistema a6428936
040 ## - FUENTE DE CATALOGACIÓN
Centro catalogador/agencia de origen SpMaBN
Lengua de catalogación spa
Centro/agencia transcriptor SpMaBN
Normas de descripción rda
Centro/agencia modificador ES-MaACL
080 ## - NÚMERO DE LA CLASIFICACIÓN DECIMAL UNIVERSAL
Número de la Clasificación Decimal Universal 75 Gandarias, Sofía
080 ## - NÚMERO DE LA CLASIFICACIÓN DECIMAL UNIVERSAL
Número de la Clasificación Decimal Universal 929(100)(0:75)
080 ## - NÚMERO DE LA CLASIFICACIÓN DECIMAL UNIVERSAL
Número de la Clasificación Decimal Universal 929 El Greco
100 ## - ENTRADA PRINCIPAL--NOMBRE DE PERSONA
Nombre de persona Gandarias, Sofía,
Fechas asociadas al nombre 1951-2016
Término indicativo de función/relación Ilustrador
9 (RLIN) 193644
245 10 - MENCIÓN DEL TÍTULO
Título Homenaje a El Greco /
Mención de responsabilidad, etc. Sofía Gandarias.
264 #1 - PRODUCCIÓN, PUBLICACIÓN, DISTRIBUCIÓN, FABRICACIÓN Y COPYRIGHT
Producción, publicación, distribución, fabricación y copyright [Madrid] :
Nombre del de productor, editor, distribuidor, fabricante Fundación Yehudi Menuhin España,
Fecha de producción, publicación, distribución, fabricación o copyright [2018].
300 ## - DESCRIPCIÓN FÍSICA
Extensión 139 p. :
Otras características físicas ilustraciones (color) ;
Dimensiones 31 cm.
600 #0 - PUNTO DE ACCESO ADICIONAL DE MATERIA--NOMBRE DE PERSONA
Nombre de persona Gandarias, Sofía,
Fechas asociadas al nombre 1951-2016
9 (RLIN) 193644
600 #0 - PUNTO DE ACCESO ADICIONAL DE MATERIA--NOMBRE DE PERSONA
Nombre de persona El Greco
Fechas asociadas al nombre ca. 1541-1614
Subdivisión de forma Homenajes
Fuente del encabezamiento o término embne
9 (RLIN) 237436
650 #0 - PUNTO DE ACCESO ADICIONAL DE MATERIA--TÉRMINO DE MATERIA
Término de materia o nombre geográfico como elemento de entrada Personas célebres
Subdivisión general Retratos
Fuente del encabezamiento o término embne
9 (RLIN) 237437
655 #7 - TERMINO DE INDIZACIÓN--GENERO/FORMA
Datos o término principal de género/forma Libros ilustrados
Fuente del término tgfbne
9 (RLIN) 193653
700 0# - ENTRADA AGREGADA--NOMBRE PERSONAL
Nombre de persona El Greco
9 (RLIN) 46893
852 ## - LOCALIZACIÓN
Ubicación ES-MaACL
Sublocalización o colección R.152996
Ubicación en estantería Depósito J
Número de control de estantería N-8762
Donativo/Legado Donación: Editorial
Encuadernación Encuadernación en cartoné con sobrecubiertas
itemnumber 204612
942 ## - ELEMENTOS DE ENTRADA SECUNDARIOS (KOHA)
Tipo de ítem Koha Libro impreso
Suprimir en OPAC No
Holdings
Estatus retirado Estado de pérdida Fuente del sistema de clasificación o colocación Estado de daño No para préstamo Biblioteca de origen Biblioteca actual Ubicación en estantería Fecha de adquisición Fuente de adquisición Total de préstamos Signatura topográfica completa Código de barras Visto por última vez Precio de reemplazo Tipo de ítem Koha
    Clasificación decimal universal     Biblioteca del Ateneo de Madrid Biblioteca del Ateneo de Madrid Depósito J 14/02/2025 Donación   N-8762 101229429 14/02/2025 14/02/2025 Libro impreso